1976 1337 1172 1412 1274 1807 1060 1361 1928 1691 1677 1382 1579 1678 1330 1953 1021 1609 1701 1062 1183 1030 1296 1516 1099 1604 1736 1578 1954 1113 1791 1589 1356 1005 1219 1032 1939 1647 1454 1459 1369 1330 1049 1420 1164 1286 1599 1768 1073 1013 1843 1696 1109 1015 1504 1117 1537 1978 1356 1589 1931 1476 1750 1486 1017 1116 1545 1641 1153 1217 1130 1531 1782 1253 1907 1659 1719 1368 1379 1292 1352 1256 1220 1551 1553 1031 1101 1351 1071 1021 1448 1816 1816 1635 1037 1591 1335 1287 1745 BCNSPRNW ULIB Ver.6.0+V

เปลี่ยนเป็นภาษาไทย

Change to English
 แสดงรายละเอียดบรรณานุกรม
  กลับหน้าหลัก

Brief Record : Get Marc (ISO 2709) : E-mail record : QR code < ปิดหน้าต่าง
LEADER : 00000nam 2200000uu 4500
001    13399115119
003     ULIB
008    120710s2008||||th 000 0 tha d
020    ^a9780723434900
060    ^aQS17^bJ918H
245    ^ahuman anatomy
260    ^aUSA :^bSaunders/ELSEVIER,^c2008
300    ^a580 pages
650    ^aHuman anatomy
945    ^p0^l0^i15942
999 ^a ใช้งานได้ทุกระบบ
รายการนี้ยังไม่มีแท็ก
คุณยังไม่ได้ล็อกอิน คุณสามารถมีกิจกรรมร่วมกับเว็บไซต์ได้ แต่ต้องล็อกอินก่อน ::
  ล็อกอิน

รายการสื่อสารสนเทศ

ลำดับที่ ประเภท เลขเรียก/บาร์โค้ด สถานที่ สถานะ
- ไม่พบข้อมูล -

รายการใกล้เคียง
    ชื่อเรื่อง [human anatomy]

    หัวเรื่อง [Human anatomy]

BibComment


ยังไม่เคยถูกคอมเมนท์

คอมเมนท์ทรัพยากรรายการนี้
  คอมเมนท์: human anatomy


 Copyright 2026. Bcnsprnw @Library